[Event "Olimpiada Calviá 2004"]
[Site "Calviá ESP"]
[Date "2004.10.28"]
[Round "13.29"]
[White "Kelly, Brian"]
[Black "Lima, Darcy"]
[Result "1/2-1/2"]
[WhiteElo "2494"]
[BlackElo "2533"]
[PlyCount "59"]
[EventDate "2004.10.15"]
[EventType "team"]
[EventRounds "14"]
[EventCountry "ESP"]
[Source "lmi"]
[SourceDate "2004.10.27"]

1. c4 Nf6 2. d4 e6 3. Nc3 d5 4. cxd5 Nxd5 5. Nf3 c5 6. e4 Nxc3 7. bxc3 cxd4 8.
cxd4 Nc6 9. Bc4 b5 10. Bb3 Bb4+ 11. Bd2 Bxd2+ 12. Qxd2 O-O 13. O-O Bb7 14. d5
exd5 15. Bxd5 Na5 16. Rad1 Bxd5 17. exd5 Nc4 18. Qd4 Qd6 19. Rfe1 a6 20. Ng5
Rad8 21. Ne4 Qb6 22. Qxb6 Nxb6 23. d6 Rfe8 24. Nc5 Rxe1+ 25. Rxe1 Kf8 26. Rd1
Nc4 27. d7 Ke7 28. Re1+ Kf8 29. Rd1 Ke7 30. Re1+ 1/2-1/2

[Event "Olimpiada Calviá 2004"]
[Site "Calviá ESP"]
[Date "2004.10.28"]
[Round "13.29"]
[White "Collins, Sam E"]
[Black "Fier, Alexander Hila"]
[Result "1-0"]
[WhiteElo "2387"]
[BlackElo "2365"]
[PlyCount "101"]
[EventDate "2004.10.15"]
[EventType "team"]
[EventRounds "14"]
[EventCountry "ESP"]
[Source "lmi"]
[SourceDate "2004.10.27"]

1. Nf3 Nf6 2. c4 Nc6 3. d4 e6 4. a3 d5 5. Nc3 Be7 6. cxd5 exd5 7. Bg5 Be6 8. e3
O-O 9. Qc2 h6 10. Bh4 Nd7 11. Bxe7 Qxe7 12. Na4 Bg4 13. Be2 Bxf3 14. gxf3 Rae8
15. O-O-O Na5 16. Rhg1 c6 17. Rg3 Kh8 18. Qf5 Qe6 19. Qh5 b5 20. Nc3 f5 21.
Rdg1 Re7 22. Bd3 Nc4 23. Ne2 Qf7 24. Qh3 Rg8 25. Nf4 Nf8 26. Bxf5 Nd6 27. Bc2
Ne8 28. Bg6 Qf6 29. Nh5 Qe6 30. Bf5 Qf7 31. Nf4 Nd6 32. Bg6 Qf6 33. Bc2 Ne8 34.
Ng6+ Nxg6 35. Rxg6 Qf8 36. Rxc6 Rc7 37. Rxc7 Nxc7 38. Qf5 Qxf5 39. Bxf5 Rf8 40.
Bg4 Ne8 41. Kd2 Nf6 42. Be6 Re8 43. Bf5 g5 44. Rc1 Re7 45. Rc8+ Kg7 46. Rb8 a6
47. Ra8 h5 48. h3 Rf7 49. Rxa6 Ng8 50. Rg6+ Kf8 51. Rxg8+ 1-0

[Event "Olimpiada Calviá 2004"]
[Site "Calviá ESP"]
[Date "2004.10.28"]
[Round "13.30"]
[White "Olafsson, Helgi"]
[Black "Reefat, Bin-Sattar"]
[Result "1-0"]
[WhiteElo "2531"]
[BlackElo "2462"]
[PlyCount "77"]
[EventDate "2004.10.15"]
[EventType "team"]
[EventRounds "14"]
[EventCountry "ESP"]
[Source "lmi"]
[SourceDate "2004.10.27"]

1. Nf3 d5 2. d4 Nf6 3. c4 c6 4. e3 a6 5. Nc3 b5 6. c5 Bg4 7. h3 Bxf3 8. gxf3
Nbd7 9. f4 g6 10. Bd2 Bg7 11. b4 Ng8 12. a4 e6 13. Bd3 Ne7 14. Ne2 O-O 15. Ng3
f6 16. Bc2 Qe8 17. Kf1 Qf7 18. h4 h5 19. Ra3 Rfe8 20. Kg2 Nf8 21. Qf3 e5 22.
fxe5 fxe5 23. Qxf7+ Kxf7 24. dxe5 Bxe5 25. f4 Bb2 26. Ra2 Bg7 27. e4 Ne6 28. e5
Kg8 29. Rha1 Nc7 30. Ne2 Bh6 31. Nd4 Rf8 32. Kg3 Rf7 33. Rf1 Raf8 34. Bd3 Rg7
35. Be3 Kf7 36. axb5 cxb5 37. Rfa1 Kg8 38. Rxa6 Nf5+ 39. Nxf5 1-0

[Event "Olimpiada Calviá 2004"]
[Site "Calviá ESP"]
[Date "2004.10.28"]
[Round "13.30"]
[White "Thorfinnsson, Bragi"]
[Black "Ahmed, Sk  Nasir"]
[Result "1-0"]
[WhiteElo "2435"]
[BlackElo "2359"]
[PlyCount "89"]
[EventDate "2004.10.15"]
[EventType "team"]
[EventRounds "14"]
[EventCountry "ESP"]
[Source "lmi"]
[SourceDate "2004.10.27"]

1. e4 c5 2. Nc3 e6 3. Nf3 d6 4. d4 cxd4 5. Nxd4 Nf6 6. Bc4 a6 7. Bb3 Be7 8. O-O
O-O 9. f4 Qc7 10. Kh1 Nbd7 11. Re1 Nc5 12. e5 dxe5 13. fxe5 Nfd7 14. Bf4 b5 15.
Bd5 Bb7 16. Bxb7 Qxb7 17. Qg4 Rfe8 18. Bh6 Bf8 19. b4 f5 20. exf6 Nxf6 21. Qg3
Nce4 22. Nxe4 Nxe4 23. Qh4 Nd6 24. Bd2 Nf5 25. Qg4 Nxd4 26. Qxd4 Rad8 27. Qe3
Qd5 28. Bc3 Qc4 29. a3 Rc8 30. Be5 Qxc2 31. Rad1 Qc6 32. Qd4 Qb7 33. Rf1 Rc2
34. Qg4 Rc4 35. Qg3 g6 36. h3 Rec8 37. Qg5 Qe7 38. Bf6 Qb7 39. Ba1 Rc2 40. Rf3
Re2 41. Qf6 Qg7 42. Qh4 e5 43. Qg4 Rcc2 44. Qe6+ Kh8 45. Rd8 1-0

[Event "Olimpiada Calviá 2004"]
[Site "Calviá ESP"]
[Date "2004.10.28"]
[Round "13.31"]
[White "Megaranto, Susanto"]
[Black "Sharavdorj, Dashzeveg"]
[Result "0-1"]
[WhiteElo "2439"]
[BlackElo "2466"]
[PlyCount "80"]
[EventDate "2004.10.15"]
[EventType "team"]
[EventRounds "14"]
[EventCountry "ESP"]
[Source "lmi"]
[SourceDate "2004.10.27"]

1. e4 e6 2. d4 d5 3. Nc3 Nf6 4. e5 Nfd7 5. f4 c5 6. Nf3 Nc6 7. Be3 cxd4 8. Nxd4
Bc5 9. Qd2 O-O 10. O-O-O a6 11. Kb1 Nxd4 12. Bxd4 b5 13. g4 b4 14. Na4 Bxd4 15.
Qxd4 Qa5 16. b3 Bb7 17. Nb2 Qc5 18. h4 Rfc8 19. Rh2 a5 20. h5 Ba6 21. Bxa6 Rxa6
22. h6 g6 23. Nc4 Rb8 24. g5 Qc7 25. Nd6 a4 26. Rg1 Nc5 27. Rhg2 Qa7 28. f5
exf5 29. Qxd5 Ne6 30. Qd2 Qc5 31. Nc4 Rd8 32. Qc1 Nc7 33. e6 Nb5 34. exf7+ Kxf7
35. Rg3 Nc3+ 36. Rxc3 bxc3 37. Qe1 Re6 38. Qg3 Qd4 39. Rc1 axb3 40. Qc7+ Rd7
0-1

[Event "Olimpiada Calviá 2004"]
[Site "Calviá ESP"]
[Date "2004.10.28"]
[Round "13.31"]
[White "Hatanbaatar, Bazar"]
[Black "Liu, Dede"]
[Result "1/2-1/2"]
[WhiteElo "2427"]
[BlackElo "2397"]
[PlyCount "158"]
[EventDate "2004.10.15"]
[EventType "team"]
[EventRounds "14"]
[EventCountry "ESP"]
[Source "lmi"]
[SourceDate "2004.10.27"]

1. e4 c5 2. Nf3 Nc6 3. Bb5 e6 4. O-O Nge7 5. b3 d6 6. Bb2 a6 7. Bxc6+ Nxc6 8.
d4 cxd4 9. Nxd4 e5 10. Ne2 Be7 11. c4 O-O 12. Nbc3 f5 13. exf5 Bxf5 14. Ng3 Bg6
15. Nd5 Bg5 16. Qg4 Kh8 17. f4 exf4 18. Nxf4 Bxf4 19. Rxf4 Qb6+ 20. Kh1 Ne5 21.
Rxf8+ Rxf8 22. Qd4 Qxd4 23. Bxd4 Nd3 24. Kg1 Kg8 25. Rd1 b5 26. cxb5 axb5 27.
a4 bxa4 28. bxa4 Ra8 29. Ra1 Kf7 30. a5 Nc5 31. Ra3 Ra6 32. h4 Kf8 33. h5 Bf7
34. Nf5 Ne6 35. Bb6 Bxh5 36. Nxd6 Ke7 37. Rd3 Ra8 38. Nf5+ Kf6 39. Ne3 Bg6 40.
Ra3 Ke5 41. Ng4+ Kd6 42. Rc3 Be4 43. Nf2 Bb7 44. Rd3+ Ke7 45. Ra3 Nf4 46. g3
Ne6 47. Nd3 Kd6 48. Nb4 Nc5 49. Ra2 Na6 50. Rd2+ Ke6 51. Nd3 Re8 52. Kf2 g5 53.
Be3 Rf8+ 54. Ke2 Bf3+ 55. Ke1 Rf5 56. Bb6 h5 57. Rb2 Rd5 58. Rb3 Be4 59. Nf2
Bg2 60. Nd1 Be4 61. Nc3 Rd3 62. Bf2 Bf3 63. Rb6+ Rd6 64. Rb5 h4 65. Rxg5 h3 66.
Rg6+ Kd7 67. Rxd6+ Kxd6 68. Bg1 Kc6 69. Kd2 Nb4 70. Ke3 Bg4 71. Kf4 Bc8 72. Ke4
Kb7 73. Nb5 Ka6 74. Nd6 Be6 75. Ke5 Bd7 76. Nf5 Nd3+ 77. Ke4 Nf2+ 78. Kf4 Nd3+
79. Kg5 Ne5 1/2-1/2

[Event "Olimpiada Calviá 2004"]
[Site "Calviá ESP"]
[Date "2004.10.28"]
[Round "13.31"]
[White "Gunbayar, Myagmarsuren"]
[Black "Halay, Taufik"]
[Result "0-1"]
[WhiteElo "2229"]
[BlackElo "2264"]
[PlyCount "88"]
[EventDate "2004.10.15"]
[EventType "team"]
[EventRounds "14"]
[EventCountry "ESP"]
[Source "lmi"]
[SourceDate "2004.10.27"]

1. e4 c5 2. Nf3 d6 3. d4 cxd4 4. Nxd4 Nf6 5. Nc3 g6 6. Be3 Bg7 7. f3 O-O 8. Qd2
Nc6 9. Bc4 Bd7 10. O-O Rc8 11. Bb3 Ne5 12. Rad1 Qc7 13. Kh1 Nc4 14. Bxc4 Qxc4
15. Nb3 b5 16. a3 a6 17. Bd4 Be6 18. Qf2 Rb8 19. e5 dxe5 20. Bc5 Bf5 21. Bxe7
Rfe8 22. Bc5 Rbc8 23. Bb4 h5 24. Rfe1 e4 25. Nd2 Qc6 26. fxe4 Nxe4 27. Ndxe4
Bxe4 28. Nxe4 Rxe4 29. Rxe4 Qxe4 30. c3 Re8 31. Rf1 Qc4 32. Re1 Re5 33. Rxe5
Bxe5 34. Qe1 Bc7 35. h3 Qf4 36. Qg1 Qd2 37. b3 a5 38. Bc5 Qxc3 39. b4 a4 40.
Qf1 Qxa3 41. Qxb5 Qc1+ 42. Bg1 a3 43. Qe8+ Kg7 44. Qe2 Bb6 0-1

[Event "Olimpiada Calviá 2004"]
[Site "Calviá ESP"]
[Date "2004.10.28"]
[Round "13.32"]
[White "Mosquera, Miguel"]
[Black "Galego, Luis"]
[Result "0-1"]
[WhiteElo "2394"]
[BlackElo "2515"]
[PlyCount "82"]
[EventDate "2004.10.15"]
[EventType "team"]
[EventRounds "14"]
[EventCountry "ESP"]
[Source "lmi"]
[SourceDate "2004.10.27"]

1. e4 c5 2. c3 e6 3. Nf3 Nf6 4. e5 Nd5 5. Bc4 d6 6. d4 cxd4 7. cxd4 Nc6 8. O-O
Be7 9. Nbd2 O-O 10. Qe2 dxe5 11. dxe5 Na5 12. Bxd5 exd5 13. b3 Nc6 14. Bb2 Bf5
15. a3 a5 16. Qe3 Re8 17. Rfe1 Qd7 18. Rac1 Rad8 19. Nd4 Bf8 20. Nxf5 Qxf5 21.
Nf3 d4 22. Nxd4 Nxd4 23. Bxd4 Bxa3 24. Rcd1 Bb4 25. Rf1 Rd5 26. Ba1 Bc5 27. Qg3
Rxd1 28. Rxd1 h5 29. h4 Re6 30. Rd8+ Kh7 31. Qd3 Bxf2+ 32. Kh2 Qxd3 33. Rxd3
Bxh4 34. Rd7 Re7 35. Rd5 Be1 36. e6 Rxe6 37. Rd7 f6 38. Rxb7 Bb4 39. Kg3 Re3+
40. Kf4 Rxb3 41. Ke4 Kg6 0-1

[Event "Olimpiada Calviá 2004"]
[Site "Calviá ESP"]
[Date "2004.10.28"]
[Round "13.32"]
[White "Fernandes, Antonio"]
[Black "Cuartas, Jaime Alexander"]
[Result "1-0"]
[WhiteElo "2431"]
[BlackElo "2452"]
[PlyCount "79"]
[EventDate "2004.10.15"]
[EventType "team"]
[EventRounds "14"]
[EventCountry "ESP"]
[Source "lmi"]
[SourceDate "2004.10.27"]

1. e4 c6 2. d4 d5 3. Nc3 dxe4 4. Nxe4 Nd7 5. Nf3 Ngf6 6. Neg5 e6 7. Bc4 Nb6 8.
Bd3 Bd6 9. Ne5 O-O 10. Qe2 Nbd5 11. c3 c5 12. Ngf3 cxd4 13. Nxd4 a6 14. O-O Qc7
15. Ndf3 Nd7 16. Nc4 Nf4 17. Bxf4 Bxf4 18. g3 Bh6 19. Rad1 g6 20. Nfe5 b5 21.
Nxd7 bxc4 22. Nf6+ Kg7 23. Be4 Rb8 24. Ng4 Bg5 25. Bg2 Rb5 26. f4 Be7 27. Rd2
Rd8 28. Rxd8 Qxd8 29. Kh1 Bb7 30. Ne5 Bd5 31. a4 Ra5 32. Rd1 Rxa4 33. Bxd5 exd5
34. Nc6 Qa8 35. Nxe7 d4+ 36. Qg2 Qe8 37. Qe4 Kf8 38. Qxd4 Qa8+ 39. Kg1 Qf3 40.
Re1 1-0

[Event "Olimpiada Calviá 2004"]
[Site "Calviá ESP"]
[Date "2004.10.28"]
[Round "13.32"]
[White "Alzate, Dario"]
[Black "Rocha, Sergio"]
[Result "1/2-1/2"]
[WhiteElo "2427"]
[BlackElo "2431"]
[PlyCount "54"]
[EventDate "2004.10.15"]
[EventType "team"]
[EventRounds "14"]
[EventCountry "ESP"]
[Source "lmi"]
[SourceDate "2004.10.27"]

1. d4 g6 2. e4 d6 3. Nc3 a6 4. f4 Bg7 5. Be3 Nd7 6. Nf3 b5 7. Bd3 Bb7 8. Qe2 c5
9. dxc5 Nxc5 10. Bxc5 dxc5 11. e5 Nh6 12. a4 O-O 13. Rd1 Qa5 14. axb5 axb5 15.
O-O b4 16. Ne4 Nf5 17. Bc4 Ba6 18. Rfe1 Bxc4 19. Qxc4 Qa2 20. b3 Nd4 21. Nxd4
cxd4 22. Qxb4 Rac8 23. c3 dxc3 24. Ra1 Qb2 25. Rab1 Qa2 26. Ra1 Qb2 27. Rab1
Qa2 1/2-1/2

[Event "Olimpiada Calviá 2004"]
[Site "Calviá ESP"]
[Date "2004.10.28"]
[Round "13.32"]
[White "Pinheiro, Jose"]
[Black "Contreras, Henry"]
[Result "1/2-1/2"]
[WhiteElo "2310"]
[BlackElo "2307"]
[PlyCount "80"]
[EventDate "2004.10.15"]
[EventType "team"]
[EventRounds "14"]
[EventCountry "ESP"]
[Source "lmi"]
[SourceDate "2004.10.27"]

1. c4 e5 2. g3 Nf6 3. Bg2 d5 4. cxd5 Nxd5 5. Nc3 Nb6 6. Nf3 Nc6 7. O-O Be7 8.
a4 a5 9. Nb5 Be6 10. d4 exd4 11. Nfxd4 Nxd4 12. Qxd4 Qxd4 13. Nxd4 Bd5 14. e4
Bc4 15. Rd1 O-O-O 16. Be3 g6 17. b3 Ba6 18. Nb5 Bxb5 19. axb5 Bb4 20. Bh3+ Kb8
21. Bxb6 cxb6 22. Bf1 Rxd1 23. Rxd1 Rc8 24. e5 Rc3 25. Rd7 Rc7 26. Rxc7 Kxc7
27. Bc4 Bc3 28. f4 f6 29. e6 Kd6 30. Kf2 f5 31. Ke3 Bf6 32. Kd3 h5 33. e7 Kxe7
34. Bd5 Bb2 35. Bxb7 Kd6 36. Bf3 Ke6 37. Bd1 Kf6 38. h4 Ba3 39. Kd2 Bc5 40. Ke2
Bg1 1/2-1/2

[Event "Olimpiada Calviá 2004"]
[Site "Calviá ESP"]
[Date "2004.10.28"]
[Round "13.33"]
[White "Moldobaev, Emelbek"]
[Black "Khamdamov, Suhrob"]
[Result "1/2-1/2"]
[WhiteElo "2388"]
[BlackElo "2150"]
[PlyCount "69"]
[EventDate "2004.10.15"]
[EventType "team"]
[EventRounds "14"]
[EventCountry "ESP"]
[Source "lmi"]
[SourceDate "2004.10.27"]

1. e4 g6 2. d4 Bg7 3. Nc3 d6 4. Nf3 c6 5. Be2 Nf6 6. O-O O-O 7. Re1 Bg4 8. h3
Bxf3 9. Bxf3 e5 10. Be3 exd4 11. Bxd4 Nbd7 12. a4 a5 13. Qd2 Re8 14. Rad1 Ne5
15. Be2 Qc7 16. f4 Ned7 17. Bf3 Rad8 18. Qf2 Re7 19. Kh1 Rde8 20. Re2 h6 21.
Red2 Rd8 22. Be3 Rde8 23. Rd3 Rb8 24. Qh4 Nf8 25. Qf2 N8d7 26. Qd2 Nf8 27. Qc1
Kh7 28. g3 b6 29. Qb1 Ne6 30. Bf2 Nc5 31. Rd4 Qc8 32. Kg2 Rbb7 33. f5 gxf5 34.
exf5 d5 35. g4 1/2-1/2

[Event "Olimpiada Calviá 2004"]
[Site "Calviá ESP"]
[Date "2004.10.28"]
[Round "13.33"]
[White "Isaev, Jamshed"]
[Black "Zilberman, Nathan R"]
[Result "1-0"]
[WhiteElo "2424"]
[BlackElo "2338"]
[PlyCount "103"]
[EventDate "2004.10.15"]
[EventType "team"]
[EventRounds "14"]
[EventCountry "ESP"]
[Source "lmi"]
[SourceDate "2004.10.27"]

1. e4 g6 2. d4 Bg7 3. Nc3 c6 4. Bc4 d6 5. Qf3 e6 6. Bf4 d5 7. Bb3 Ne7 8. O-O-O
Nd7 9. h4 h6 10. Nh3 f5 11. exd5 exd5 12. Rde1 Nf6 13. Be5 O-O 14. Nf4 Kh7 15.
Qe2 Neg8 16. f3 Re8 17. Qf2 Be6 18. Nxe6 Rxe6 19. Ne2 Qe8 20. Nf4 Re7 21. c3
Qf7 22. Bc2 Nd7 23. h5 g5 24. Ng6 Bxe5 25. dxe5 Re6 26. g4 fxg4 27. Nf8+ Kg7
28. Nxe6+ Qxe6 29. fxg4 Nxe5 30. Qd4 Re8 31. Bf5 Qd6 32. Qxa7 Re7 33. b4 Nf6
34. Qd4 Nc4 35. Rxe7+ Qxe7 36. Bc2 Qe3+ 37. Qxe3 Nxe3 38. Re1 Nfxg4 39. Bd3 Kf6
40. Kd2 Nc4+ 41. Bxc4 dxc4 42. Re8 b5 43. Rf8+ Ke5 44. Rc8 Kd5 45. Rh8 Ke4 46.
Ke2 Kf4 47. Rf8+ Ke5 48. Rh8 Ke4 49. Rd8 Nf6 50. Rd6 Nxh5 51. Rxh6 Ng3+ 52. Ke1
1-0

[Event "Olimpiada Calviá 2004"]
[Site "Calviá ESP"]
[Date "2004.10.28"]
[Round "13.33"]
[White "Ilinsky, Vladimir"]
[Black "Khouseinov, Rashid"]
[Result "1/2-1/2"]
[WhiteElo "2331"]
[BlackElo "2343"]
[PlyCount "43"]
[EventDate "2004.10.15"]
[EventType "team"]
[EventRounds "14"]
[EventCountry "ESP"]
[Source "lmi"]
[SourceDate "2004.10.27"]

1. Nf3 f5 2. g3 b6 3. Bg2 Bb7 4. O-O Nf6 5. c4 e6 6. b3 Be7 7. Bb2 O-O 8. Nc3
Ne4 9. Qc2 Nxc3 10. Bxc3 Bf6 11. d3 d6 12. e4 fxe4 13. dxe4 Bxc3 14. Qxc3 e5
15. Nh4 Nd7 16. Rae1 g6 17. Qd2 Kg7 18. f3 a5 19. Bh3 Nc5 20. Ng2 Qe7 21. Ne3
Rae8 22. Nd5 1/2-1/2

[Event "Olimpiada Calviá 2004"]
[Site "Calviá ESP"]
[Date "2004.10.28"]
[Round "13.33"]
[White "Ziyaev, Negmat"]
[Black "Turpanov, Milan"]
[Result "1-0"]
[WhiteElo "2295"]
[BlackElo "2307"]
[PlyCount "72"]
[EventDate "2004.10.15"]
[EventType "team"]
[EventRounds "14"]
[EventCountry "ESP"]
[Source "lmi"]
[SourceDate "2004.10.27"]

1. d4 d5 2. c4 e6 3. Nc3 Nf6 4. Bg5 Be7 5. cxd5 exd5 6. e3 O-O 7. Nf3 c6 8. Bd3
Nbd7 9. O-O Re8 10. Bf5 Nf8 11. Bxc8 Rxc8 12. Rc1 N6d7 13. Bf4 Nb6 14. Ne5 Ne6
15. Bg3 f6 16. Nd3 Nc4 17. b3 Nd6 18. Bxd6 Bxd6 19. b4 Bb8 20. Nc5 b5 21. Nxe6
Rxe6 22. g3 Bd6 23. Qb3 Qf8 24. e4 Ree8 25. exd5 Qf7 26. dxc6 Qxb3 27. axb3 a6
28. Nd5 Kf7 29. Rcd1 g5 30. Kg2 Re4 31. Kf3 f5 32. h3 h5 33. c7 Ke6 34. Nc3 g4+
35. hxg4 Rxg4 36. Ne2 Rxc7 1-0

[Event "Olimpiada Calviá 2004"]
[Site "Calviá ESP"]
[Date "2004.10.28"]
[Round "13.34"]
[White "Nokes, Roger I"]
[Black "Kobese, Watu"]
[Result "1/2-1/2"]
[WhiteElo "2333"]
[BlackElo "2408"]
[PlyCount "73"]
[EventDate "2004.10.15"]
[EventType "team"]
[EventRounds "14"]
[EventCountry "ESP"]
[Source "lmi"]
[SourceDate "2004.10.27"]

1. e4 c5 2. Nf3 Nc6 3. d4 cxd4 4. Nxd4 Qb6 5. Nb3 Nf6 6. Nc3 e6 7. Bd3 a6 8.
Be3 Qc7 9. f4 d6 10. Qf3 Be7 11. O-O-O b5 12. Kb1 Nd7 13. Rhe1 Bb7 14. Qg3 O-O
15. e5 Nb4 16. Bd4 dxe5 17. Rxe5 Nf6 18. Rc5 Bxc5 19. Bxf6 g6 20. Qg5 Rfc8 21.
Nxc5 Qxc5 22. Be5 Nd5 23. Nxd5 Bxd5 24. Qf6 Kf8 25. Qh8+ Ke7 26. Qxh7 Rg8 27.
g3 Rac8 28. b3 a5 29. Qh4+ Kd7 30. Qf6 Rgf8 31. Bd4 Qc6 32. Qe5 a4 33. Bb2 b4
34. Qe2 Rb8 35. Bc4 Kc8 36. Ba6+ Kd7 37. Bc4 1/2-1/2

[Event "Olimpiada Calviá 2004"]
[Site "Calviá ESP"]
[Date "2004.10.28"]
[Round "13.34"]
[White "Solomon, Kenny"]
[Black "Dive, Russell John"]
[Result "1/2-1/2"]
[WhiteElo "2358"]
[BlackElo "2334"]
[PlyCount "186"]
[EventDate "2004.10.15"]
[EventType "team"]
[EventRounds "14"]
[EventCountry "ESP"]
[Source "lmi"]
[SourceDate "2004.10.27"]

1. d4 Nf6 2. c4 e6 3. Nf3 b6 4. g3 Ba6 5. b3 Bb4+ 6. Bd2 Be7 7. Nc3 Bb7 8. Bg2
d5 9. cxd5 exd5 10. O-O O-O 11. Rc1 Nbd7 12. Nh4 Ne4 13. Nf5 Ba3 14. Rc2 Nxc3
15. Rxc3 c5 16. Rf3 a5 17. Qa1 f6 18. Nd6 Bc6 19. Rf5 Qe7 20. Bxd5+ Bxd5 21.
Rxd5 Qe6 22. Nf5 Rf7 23. e4 Qxe4 24. Ne3 f5 25. Qb1 cxd4 26. Qxe4 fxe4 27. Rxd4
Ne5 28. Kg2 Nf3 29. Rd5 Bc5 30. Nc4 Nxd2 31. Rxd2 b5 32. Nd6 Bxd6 33. Rxd6 a4
34. Re6 axb3 35. axb3 Rf3 36. b4 Ra4 37. Rxe4 Rb3 38. Rd1 Rbxb4 39. Re5 Rd4 40.
Rxd4 Rxd4 41. Rxb5 Kf7 42. Rb7+ Kg6 43. h3 h5 44. Rb5 Kh6 45. Kf3 Ra4 46. Re5
Kg6 47. Rd5 Rb4 48. Ke3 Ra4 49. Rd4 Ra2 50. Rd6+ Kf5 51. Rd5+ Kg6 52. Re5 Ra4
53. Kf3 Rb4 54. Re4 Rb2 55. Re3 Rb4 56. Ra3 Kf5 57. g4+ hxg4+ 58. hxg4+ Kg5 59.
Ra5+ Kf6 60. g5+ Kg6 61. Kg3 Kh5 62. f3 Rc4 63. Kf2 Rc3 64. Kg3 Rc4 65. Rd5 Ra4
66. Rc5 Rb4 67. Rf5 Ra4 68. Rc5 Rb4 69. Kf2 Rb3 70. Ra5 Rc3 71. Ke2 Rb3 72. Rf5
Ra3 73. Kf2 Rb3 74. Ra5 Rc3 75. Kg3 Rc4 76. Ra7 Kxg5 77. Rxg7+ Kf6 78. Ra7 Kg5
79. Ra5+ Kf6 80. Rh5 Kg6 81. Rh1 Ra4 82. f4 Rb4 83. Kg4 Ra4 84. Rb1 Ra6 85. Rb8
Rc6 86. Rg8+ Kf7 87. Rh8 Kg7 88. Rh5 Ra6 89. Rh1 Kg6 90. f5+ Kg7 91. Kg5 Ra2
92. Rg1 Kf7 93. Rg3 Ra1 1/2-1/2

[Event "Olimpiada Calviá 2004"]
[Site "Calviá ESP"]
[Date "2004.10.28"]
[Round "13.34"]
[White "Smith, Robert W"]
[Black "Solomons, Deon"]
[Result "1/2-1/2"]
[WhiteElo "2251"]
[BlackElo "2249"]
[PlyCount "49"]
[EventDate "2004.10.15"]
[EventType "team"]
[EventRounds "14"]
[EventCountry "ESP"]
[Source "lmi"]
[SourceDate "2004.10.27"]

1. d4 Nf6 2. Nf3 g6 3. g3 Bg7 4. Bg2 O-O 5. O-O d6 6. c4 a6 7. Nc3 Nc6 8. e4
Bg4 9. h3 Bxf3 10. Bxf3 e5 11. d5 Nd4 12. Bg2 c5 13. Be3 Rb8 14. Rb1 b5 15.
cxb5 axb5 16. b4 cxb4 17. Ne2 Nxe2+ 18. Qxe2 Qa5 19. Qd2 Rfc8 20. Rxb4 Rc4 21.
Rfb1 Rxb4 22. Rxb4 Ra8 23. Qb2 Bf8 24. Rxb5 Qxa2 25. Qxa2 1/2-1/2

[Event "Olimpiada Calviá 2004"]
[Site "Calviá ESP"]
[Date "2004.10.28"]
[Round "13.35"]
[White "Canda, Danilo"]
[Black "De La Riva Aguado, Oscar"]
[Result "0-1"]
[WhiteElo "2335"]
[BlackElo "2528"]
[PlyCount "52"]
[EventDate "2004.10.15"]
[EventType "team"]
[EventRounds "14"]
[EventCountry "ESP"]
[Source "lmi"]
[SourceDate "2004.10.27"]

1. e4 c5 2. Nf3 Nc6 3. d4 cxd4 4. Nxd4 Qc7 5. Nc3 e6 6. Nxc6 bxc6 7. Bd3 Nf6 8.
O-O Be7 9. b3 O-O 10. Bb2 Bb7 11. f4 d5 12. e5 Nd7 13. Rf3 g6 14. Kh1 Nc5 15.
Bf1 f5 16. exf6 Bxf6 17. Qe1 Rae8 18. Ba3 Ne4 19. Bxf8 Rxf8 20. Ne2 Bxa1 21.
Qxa1 c5 22. Qe5 Qxe5 23. fxe5 Ba6 24. Kg1 Bxe2 25. Bxe2 Rf5 26. Rxf5 exf5 0-1

[Event "Olimpiada Calviá 2004"]
[Site "Calviá ESP"]
[Date "2004.10.28"]
[Round "13.35"]
[White "Oms Pallise, Josep"]
[Black "Davila, Carlos"]
[Result "0-1"]
[WhiteElo "2508"]
[BlackElo "2339"]
[PlyCount "69"]
[EventDate "2004.10.15"]
[EventType "team"]
[EventRounds "14"]
[EventCountry "ESP"]
[Source "lmi"]
[SourceDate "2004.10.27"]

1. d4 d5 2. Nf3 Nf6 3. c4 dxc4 4. e3 e6 5. Bxc4 c5 6. O-O a6 7. dxc5 Bxc5 8.
Qxd8+ Kxd8 9. Be2 b6 10. Ne5 Ke7 11. Nd2 Bb7 12. Ndc4 Bd5 13. b4 Bxb4 14. Nxb6
Ra7 15. Rb1 a5 16. a3 Bd6 17. Bb2 Rd8 18. Nxd5+ exd5 19. Rfc1 Rc7 20. Rxc7+
Bxc7 21. Nf3 g6 22. Nd4 Ne4 23. Rc1 Bb6 24. a4 Rd7 25. Ba3+ Kd8 26. f3 Ng5 27.
Rb1 Bxd4 28. exd4 Nc6 29. Bc5 Ne6 30. Bb6+ Ke7 31. Bb5 Kd6 32. Bc5+ Nxc5 33.
dxc5+ Kc7 34. Kf2 d4 35. Ke2 0-1

[Event "Olimpiada Calviá 2004"]
[Site "Calviá ESP"]
[Date "2004.10.28"]
[Round "13.35"]
[White "Ribera Bazan, Jose"]
[Black "Puhiera, Roger"]
[Result "1-0"]
[WhiteElo "2147"]
[BlackElo "2144"]
[PlyCount "80"]
[EventDate "2004.10.15"]
[EventType "team"]
[EventRounds "14"]
[EventCountry "ESP"]
[Source "lmi"]
[SourceDate "2004.10.27"]

1. d4 d6 2. c4 c6 3. e4 Nd7 4. Nc3 e5 5. Nf3 Ngf6 6. Be2 Be7 7. O-O O-O 8. Bg5
Qb6 9. Rb1 h6 10. Bh4 g5 11. Bg3 Nh5 12. c5 dxc5 13. Nxe5 Nxg3 14. hxg3 cxd4
15. Nc4 Qc7 16. Qxd4 Bc5 17. Qd2 a5 18. Kh2 Ne5 19. Na4 Bb4 20. Qe3 Nxc4 21.
Bxc4 b5 22. Nb6 Rb8 23. Nxc8 bxc4 24. a3 Rfxc8 25. axb4 Rxb4 26. f4 Qe7 27. e5
Rcb8 28. Rbd1 Rxb2 29. Rd6 R2b3 30. Qe4 Qf8 31. fxg5 hxg5 32. Qg4 Qg7 33. Qh5
Rxg3 34. Rdf6 Re3 35. Rxf7 Qxe5+ 36. Kg1 Rh3 37. Qxh3 Qd4+ 38. Kh1 Qh4 39. Qxh4
gxh4 40. Ra7 c3 1-0

[Event "Olimpiada Calviá 2004"]
[Site "Calviá ESP"]
[Date "2004.10.28"]
[Round "13.36"]
[White "Jodorcovsky, Paulo"]
[Black "Simonsen, Hans Kristian"]
[Result "0-1"]
[WhiteElo "2278"]
[BlackElo "2293"]
[PlyCount "49"]
[EventDate "2004.10.15"]
[EventType "team"]
[EventRounds "14"]
[EventCountry "ESP"]
[Source "lmi"]
[SourceDate "2004.10.27"]

1. e4 e6 2. d4 d5 3. e5 c5 4. Nf3 Nc6 5. Bd3 cxd4 6. O-O Nge7 7. Bf4 Ng6 8. Bg3
Bc5 9. Nbd2 O-O 10. Nb3 Bb6 11. h4 f5 12. h5 Nh8 13. Bf4 Bd7 14. h6 Ng6 15. Bg5
Qc7 16. hxg7 Rf7 17. Re1 Rxg7 18. Bf6 Rf7 19. Ng5 Ncxe5 20. Nxf7 Kxf7 21. Bxe5
Nxe5 22. Qh5+ Kg8 23. Qg5+ Kf7 24. Qh5+ Kg7 25. Rad1 0-1

[Event "Olimpiada Calviá 2004"]
[Site "Calviá ESP"]
[Date "2004.10.28"]
[Round "13.36"]
[White "Berg, Olaf"]
[Black "Patriarca, Luis"]
[Result "1-0"]
[WhiteElo "2211"]
[BlackElo "2259"]
[PlyCount "55"]
[EventDate "2004.10.15"]
[EventType "team"]
[EventRounds "14"]
[EventCountry "ESP"]
[Source "lmi"]
[SourceDate "2004.10.27"]

1. e4 c6 2. Nf3 d5 3. Nc3 Bg4 4. d4 dxe4 5. Nxe4 Bxf3 6. Qxf3 Qxd4 7. Be3 Qe5
8. Bc4 Nf6 9. Ng5 e6 10. O-O-O Be7 11. Bf4 Qf5 12. Bxe6 fxe6 13. Rhe1 O-O 14.
Nxe6 Nd5 15. Qg3 Qf7 16. Nxf8 Qxf8 17. Bxb8 Rxb8 18. Rxd5 cxd5 19. Rxe7 Qxe7
20. Qxb8+ Kf7 21. Qf4+ Kg8 22. Qe3 Qd7 23. Qxa7 Qb5 24. Qb8+ Kf7 25. Qc7+ Kg8
26. Qc8+ Kf7 27. Qf5+ Ke7 28. Qd3 1-0